=LDR 00000nam 2200000 4500 =001 INLIS000000000022388 =005 20130612121141 =008 ***********************************Ind** =035 ##$$0010-061300000022388 =041 ##$$a Ind =082 ##$$a 621.381 =090 ##$$a 621.381, Nur-p =100 ##$$a Nursasongko BS, Wahyu =245 ##$$a Pedoman Dasar Elektronika untuk Pemula, Wahyu Noersasongko BS =260 ##$$a 1997 $b Solo =300 ##$$a 111 hlm., ilus., 21 cm =650 ##$$a Elektronika - Pedoman =850 ##$$a NBPNMAT